000
00250nam a22000857a 4500
008
160704b xxu||||| |||| 00| 0 eng d
100
_9
1916
_a
Sarita, et al
245
_a
Impact of Curriculum Reform in Education
260
_a
New Delhi
_b
Isha Book House
_c
2005
999
_c
1618
_d
1618